[Event "POL-chT U20 1st League"]
[Site "Chotowa"]
[Date "2025.06.15"]
[Round "2.14"]
[White "Haladaj, Adam"]
[Black "Wajda, Krzysztof"]
[Result "1/2-1/2"]
[WhiteElo "2013"]
[BlackElo "1916"]
[PlyCount "92"]
[EventDate "2025.06.14"]
[EventType "team-swiss"]
[EventRounds "9"]
[EventCountry "POL"]
[SourceTitle "CB26_2025"]
[SourceDate "2025.06.25"]
[SourceVersion "1"]
[SourceVersionDate "2025.06.25"]
[SourceQuality "1"]
[WhiteTeam "Bełchatow Jedynka"]
[BlackTeam "Wieliczka MOS"]
[WhiteTeamCountry "POL"]
[BlackTeamCountry "POL"]

1. e4 e5 2. Nf3 Nc6 3. d4 exd4 4. Bc4 Nf6 5. e5 d5 6. Bb5 Ne4 7. Nxd4 Bd7 8. Bxc6 bxc6 9. 0-0 Bc5 10. f3 Ng5 11. f4 Ne4 12. Be3 Bb6 13. Nd2 Nxd2 14. Qxd2 Qe7 15. Nb3 0-0 16. Qc3 f6 17. Bc5 fxe5 18. fxe5 Rxf1+ 19. Rxf1 Rf8 20. Rxf8+ Qxf8 21. Qd4 Qf5 22. Qf2 Kf7 23. Qxf5+ Bxf5 24. Bxb6 axb6 25. Nd4 Be4 26. b4 c5 27. bxc5 bxc5 28. Nb5 Bxc2 29. Nxc7 d4 30. Kf2 Ke7 31. Na6 Ke6 32. Nxc5+ Kxe5 33. Ke2 Kd5 34. Kd2 Bb1 35. Nd3 Kc4 36. Nc1 g6 37. g3 h6 38. a4 Kb4 39. Ne2 Kxa4 40. Nxd4 Kb4 41. Ke3 Kc4 42. Nf3 Kd5 43. h4 h5 44. Kf4 Ke6 45. Kg5 Kf7 46. Ne5+ Kg7 1/2-1/2